Największe overalle w Klubach NBA w grze NBA2k20 - Statystyki

Ogólne statystyki
  • Ten quiz został rozwiązany 65 razy
  • Średni wynik to 17 z 32
Statystyki odpowiedzi
Zespół Overall Zawodnik % Poprawnych
Philadelphia 76ers 91 Joel Embiid
93%
LA Lakers 97 LeBron James
89%
Brooklyn Nets 96 Kevin Durant
86%
Denver Nuggets 90 Nikola Jokić
86%
Golden State Warriors 95 Steph Curry
86%
Houston Rockets 96 James Harden
84%
Milwuakee Bucks 96 Giannis Antetokounmpo
80%
LA Clippers 97 Kawhi Leonard
80%
Dallas Mavericks 87 Luka Doncic
79%
Atlanta Hawks 85 Trae Young
75%
Portland Trail Blazers 92 Damian Lillard
73%
Phoenix Suns 86 Devin Booker
71%
Chicago Bulls 85 Zach LaVine
71%
Utah Jazz 88 Donovan Mitchell
70%
Miami Heat 88 Jimmy Butler
70%
Minnesota Timberwolves 89 Karl-Anthony Towns
64%
Washington Wizards 87 Bradley Beal
59%
Sacrametno Kings 86 De'Aaron Fox
54%
San Antonio Spurs 87 DeMar DeRozan
48%
Toronto Raptors 87 Pascal Siakam
46%
Oklahoma City Thunder 85 Chris Paul
38%
Boston Celtics 88 Kemba Walker
38%
New York Knicks 83 Julius Randle
36%
Cleveland Cavaliers 83 Kevin Love
25%
Detroit Pistons 88 Blake Griffin
20%
Memphis Grizziles 82 Jaren Jackson Jr.
20%
Orlando Magic 86 Nikola Vucevic
14%
Charlotte Hornets 78 Terry Rozier
13%
Indiana Pacers 87 Victor Oladipo
13%
New Orleans Pelicans 86 Jrue Holiday
9%
88 Rudy Gobert
9%
87 Kristaps Porzigins
0%
Nie znaleziono quizów pasujących do podanych kryteriów
Rozkład punktacji
Procent ludzi z każdym wynikiem
Percentyl według liczby udzielonych odpowiedzi
Twoja historia wyników
Nie rozwiązałeś tego quizu